| 000 | 01337cam a22002535a 4500 | ||
|---|---|---|---|
| 001 | L160174 | ||
| 008 | 181009s2018 xxk f 001 0 eng d | ||
| 020 | _a9781783211999 | ||
| 035 | _a(Sirsi) u160174 | ||
| 041 | 0 | _aeng | |
| 050 | 0 | 4 | _a692.5 $2 18 |
| 110 | 2 |
_aBuilding Cost Information Service _91096 |
|
| 245 | 0 | 0 |
_aBCIS comprehensive building price book _bminor works, 2019 |
| 250 | _a39 ed. | ||
| 260 |
_aPoole _bBCIS _c2018 |
||
| 300 |
_a1 _fv. _c30cm. |
||
| 520 | _aThe Minor Works Estimating Dataset focuses on small to medium sized 'new build' projects reflecting the increase in costs brought about the reduced output, less discounts, increased carriage and supervision, to the similar items in the Major Works dataset. Gives unit rates compiled from over 500 000 price elements. Each unit rate and element has been updated and new materials and specifications have been incorporated where applicable and includes the latest amendments to professional information, average building prices, town and country planning regulations fees for applications, building regulations prescribed fees etc. and costs limits and allowances. | ||
| 520 | _aSupersedes 38h ed (ISBN 9781783212002) | ||
| 521 | _aAdvanced | ||
| 590 | _aKA | ||
| 651 | 4 | _aUnited Kingdom | |
| 690 | _aBUILT ENVIRONMENT-BUILDING COSTS | ||
| 942 |
_n0 _2ddc |
||
| 999 |
_c116259 _d116259 |
||